| 000 | 01028nac a22002891u 4500 | ||
|---|---|---|---|
| 003 | EG-ScBUE | ||
| 005 | 20211016140500.0 | ||
| 008 | 110112s1993 ua a f 000 0 ara d | ||
| 017 | _a93/35/96 | ||
| 040 |
_aEG-ScBUE _bara _erda _cEG-ScBUE _dEG-ScBUE |
||
| 082 | 0 | 4 |
_a616.5 _bع ا م _222 |
| 100 | 1 |
_aعامر، محمد، _eمؤلف. _921931 |
|
| 245 | 1 | 2 |
_aالصدفية / _cبقلم الدكتور محمد عامر. |
| 264 | 1 |
_aالقاهرة : _bدار أخبار اليوم، _c[1993] |
|
| 300 |
_a119 صفحة : _bإيضاحيات ؛ _c11 سم. |
||
| 336 |
_2rdacontent _aنص _btxt |
||
| 337 |
_2rdamedia _aبدون وسيط _bn |
||
| 338 |
_2rdacarrier _aمجلد _bnc |
||
| 490 | 0 |
_aكتاب اليوم الطبي ؛ _vالعدد 132 |
|
| 541 |
_cإهداء ؛ _aمكتبة الإسكندرية. |
||
| 650 | 7 |
_aالصدفية. _921932 _2BUEsh |
|
| 650 | 7 |
_aالجلد _921933 _xأمراض. _2BUEsh |
|
| 651 | _2BUEsh | ||
| 653 |
_bGGEN _cOctober2021 |
||
| 655 |
_vReading book _934232 |
||
| 942 |
_cBB _k616.5 ع ا م _2ddc |
||
| 999 |
_c6445 _d6445 |
||